A koronavírus járványhelyzetre adott érzelmi reakciók és lelki megküzdési stratégiák a nehézségekkel magyar felnőttek körében

Elmentve itt :
Bibliográfiai részletek
Szerzők: Szabó Csanád
Pukánszky Judit
Kemény Lajos
Dokumentumtípus: Cikk
Megjelent: 2021
Sorozat:EGÉSZSÉGTUDOMÁNY 65 No. 1
Tárgyszavak:
doi:10.29179/EgTud.2021.1.38-49

mtmt:32118577
Online Access:http://publicatio.bibl.u-szeged.hu/24573
LEADER 00874nab a2200241 i 4500
001 publ24573
005 20220622132734.0
008 220622s2021 hu o 0|| Magyar d
022 |a 0013-2268 
024 7 |a 10.29179/EgTud.2021.1.38-49  |2 doi 
024 7 |a 32118577  |2 mtmt 
040 |a SZTE Publicatio Repozitórium  |b hun 
041 |a Magyar 
100 1 |a Szabó Csanád 
245 1 2 |a A koronavírus járványhelyzetre adott érzelmi reakciók és lelki megküzdési stratégiák a nehézségekkel magyar felnőttek körében  |h [elektronikus dokumentum] /  |c  Szabó Csanád 
260 |c 2021 
300 |a 38-49 
490 0 |a EGÉSZSÉGTUDOMÁNY  |v 65 No. 1 
650 4 |a Klinikai orvostan 
650 4 |a Pszichológia 
700 0 1 |a Pukánszky Judit  |e aut 
700 0 1 |a Kemény Lajos  |e aut 
856 4 0 |u http://publicatio.bibl.u-szeged.hu/24573/1/EgTud.2021.1.38.pdf  |z Dokumentum-elérés